000 01023nam a2200277 a 4500
001 73188
003 BD-RjUL
005 20211209082347.0
008 170529r19651958nyu 000 0 eng d
035 _a(BD-RjUL)73406
040 _aDLC
_cOCU
_dBD-RjUL
_beng
041 _aeng
082 _223
_a590
_bSTL 1965
100 1 _aStorer, Tracy I.
_q(Tracy Irwin),
_d1889-1973
_9216497
245 0 0 _aLaboratory manual for zoology /
_c[by] Tracy I. Storer [and] Robert L. Usinger.
250 _a3d ed., rev.
260 _aNew York :
_bMcGraw-Hill,
_cc1965.
300 _ax, 181 p. :
_bill. ;
_c24cm.
500 _aPrevious editions by Dr. Storer published under title: Laboratory manual for general zoology.
650 0 _aZoology
_9210939
700 1 _aUsinger, Robert L.
_q(Robert Leslie),
_d1912-1968,
_ejoint author.
_9216498
830 _aMcGraw-Hill publications in the zoological sciences.
_9124923
942 _2ddc
_cBK
999 _c73188
_d73188